| 000 -ლიდერი |
| ფიქსირებული სიგრძის საკონტროლო ველი |
02089nam a2200325Ia 4500 |
| 001 - საკონტროლო ნომერი |
| საკონტროლო ველი |
21733 |
| 003 - საკონტროლო ნომრის იდენტიფიკატორი |
| საკონტროლო ველი |
GE_BSU |
| 005 - ბოლო ოპერაციის თარიღი და დრო |
| საკონტროლო ველი |
20220124171400.0 |
| 008 - ფიქსირებული სიგრძის მონაცემთა ელემენტები - ზოგადი ინფორმაცია |
| ფიქსირებული სიგრძის საკონტროლო ველი |
181216s2017||||ge |||||||||||||| ||geo|| |
| 020 ## - წიგნის საერთაშორისო სტანდარტული ნომერი |
| International Standard Book Number |
9789941272431 |
| 040 ## - კატალოგიზაციის წყარო |
| Transcribing agency |
GE_BSU |
| 041 ## - ენის კოდი |
| Language code of text/sound track or separate title |
geo |
| 080 ## - უნივერსალური ათობითი კლასიფიკაციის ინდექსი |
| Universal Decimal Classification number |
72.071.1(450)(479.22)+94(479.22)+391(=353.1)(09) ჯ-64 |
| 245 ## - ცნობა სათაურის შესახებ |
| Title |
ჯოვანი სკუდიერი და საქართველო : სამეცნიერო კონფერენცია (2 ნოემბერი, 2016 წ.) : |
| Remainder of title |
მოხსენებათა კრებული / |
| Statement of responsibility, etc |
მთ. რედაქტორი როინ მეტრეველი ; რედაქტორები : დიმიტრი თუმანიშვილი, გიორგი პაპაშვილი. |
| 264 ## - წარმოების, გამოცემის, დისტრიბუციის და სხვა ცნობები |
| გამოცემის, წარმოების, დისტრიბუციის... ადგილი |
თბილისი : |
| გამოცემის, წარმოების, დისტრიბუციის... სახელწოდება |
საქ. მეცნ. ეროვნ. აკადემიის სტამბა, |
| გამოცემის, წარმოების, დისტრიბუციის... თარიღი |
2017. |
| 300 ## - ფიზიკური აღწერა |
| Extent |
124 გვ. : |
| Other physical details |
ილ., ფოტ. ; |
| Dimensions |
20 სმ. |
| 504 ## - BIBLIOGRAPHY, ETC. NOTE |
| Bibliography, etc |
ბიბლიოგრაფია სტატიების ბოლოს |
| 653 ## - INDEX TERM--UNCONTROLLED |
| Uncontrolled term |
მოხსენებათა კრებული |
| 653 ## - INDEX TERM--UNCONTROLLED |
| Uncontrolled term |
სამეცნიერო კონფერენცია |
| 653 ## - INDEX TERM--UNCONTROLLED |
| Uncontrolled term |
ჯოვანი სკუდიერი და საქართველო |
| 653 ## - INDEX TERM--UNCONTROLLED |
| Uncontrolled term |
იტალიელი არქიტექტორები საქართველოში |
| 653 ## - INDEX TERM--UNCONTROLLED |
| Uncontrolled term |
საქართველოს ისტორია |
| 653 ## - INDEX TERM--UNCONTROLLED |
| Uncontrolled term |
ქალაქ თბილისის არქიტექტურა |
| 653 ## - INDEX TERM--UNCONTROLLED |
| Uncontrolled term |
ქართული კოსტუმის ისტორია |
| 700 ## - ADDED ENTRY--PERSONAL NAME |
| Personal name |
მეტრეველი, როინ |
| Relator term |
მთ. რედაქტორი |
| 9 (RLIN) |
13441 |
| 700 ## - ADDED ENTRY--PERSONAL NAME |
| Personal name |
თუმანიშვილი, დიმიტრი |
| Relator term |
რედაქტორი |
| 9 (RLIN) |
4765 |
| 700 ## - ADDED ENTRY--PERSONAL NAME |
| Personal name |
პაპაშვილი, გიორგი |
| Relator term |
რედაქტორი |
| 9 (RLIN) |
13442 |
| 942 ## - ADDED ENTRY ELEMENTS (KOHA) |
| Koha item type |
წიგნი |
| Source of classification or shelving scheme |
|